MHD Boundary Layer Flow and Heat Transfer Over a Stretching Sheet and a Moving Flat Plate / (Record no. 526221)

000 -LEADER
fixed length control field 00665nam a22002057a 4500
003 - CONTROL NUMBER IDENTIFIER
control field NUST
005 - DATE AND TIME OF LATEST TRANSACTION
control field 20230117151815.0
008 - FIXED-LENGTH DATA ELEMENTS--GENERAL INFORMATION
fixed length control field 190709b ||||| |||| 00| 0 eng d
038 ## - RECORD CONTENT LICENSOR
Staff Name Mr. Zahoor
082 ## - DEWEY DECIMAL CLASSIFICATION NUMBER
Classification number 510
100 ## - MAIN ENTRY--PERSONAL NAME
Personal name Zameer, Yasir
9 (RLIN) 17196
245 ## - TITLE STATEMENT
Title MHD Boundary Layer Flow and Heat Transfer Over a Stretching Sheet and a Moving Flat Plate /
Statement of responsibility, etc. Yasir Zameer
260 ## - PUBLICATION, DISTRIBUTION, ETC.
Place of publication, distribution, etc. Islamabad :
Name of publisher, distributor, etc. SNS - NUST,
Date of publication, distribution, etc. 2016.
300 ## - PHYSICAL DESCRIPTION
Extent 71 p. : ill. ;
Dimensions 30cm
500 ## - GENERAL NOTE
General note Hardcover.
650 ## - SUBJECT ADDED ENTRY--TOPICAL TERM
Topical term or geographic name entry element Mathematics - Mphil Thesis
9 (RLIN) 17180
700 ## - ADDED ENTRY--PERSONAL NAME
Personal name Dr. Muhammad Asif Farooq
9 (RLIN) 16455
856 ## - ELECTRONIC LOCATION AND ACCESS
Uniform Resource Identifier <a href="http://10.250.8.41:8080/xmlui/handle/123456789/4154">http://10.250.8.41:8080/xmlui/handle/123456789/4154</a>
942 ## - ADDED ENTRY ELEMENTS (KOHA)
Source of classification or shelving scheme
Koha item type Thesis
Holdings
Withdrawn status Lost status Source of classification or shelving scheme Damaged status Not for loan Permanent Location Current Location Shelving location Date acquired Total Checkouts Full call number Barcode Date last seen Price effective from Koha item type
          Central Library (CL) Central Library (CL) Thesis 07/09/2019   510 CL-T-2255 07/10/2019 07/09/2019 Thesis
© 2023 Central Library, National University of Sciences and Technology. All Rights Reserved.